[Event "WYCC 2018 O14"]
[Site "Halkidiki"]
[Date "2018.10.23"]
[Round "5"]
[White "Rasti, Arvin"]
[Black "Naqopia, Giorgi"]
[Result "1/2-1/2"]
[WhiteElo "2064"]
[BlackElo "1857"]
[Annotator "NA"]
[PlyCount "160"]
[EventDate "2018.10.20"]
[EventType "swiss"]
[EventCountry "GRE"]
[SourceTitle "playchess.com"]
[Source "ChessBase"]
[SourceQuality "1"]
[TimeControl "40/5400+30:1800+30"]

1. d4 {[%emt 0:00:00]} d6 {[%emt 0:00:00]} 2. e4 {[%emt 0:00:00]} Nf6 {[%emt 0:00:00]} 3. Nc3 {[%emt 0:00:00]} e5 {[%emt 0:00:00]} 4. Nf3 {[%emt 0:00:00]} Nbd7 {[%emt 0:00:00]} 5. Bc4 {[%emt 0:00:00]} Be7 {[%emt 0:00:00]} 6. O-O {[%emt 0:00:02]} O-O {[%emt 0:00:00]} 7. a4 {[%emt 0:00:03]} a5 {[%emt 0:00:48]} 8. Re1 {[%emt 0:00:07]} c6 {[%emt 0:00:26]} 9. h3 {[%emt 0:00:20]} Qc7 {[%emt 0:00:20]} 10. Ba2 {[%emt 0:00:15]} h6 {[%emt 0:00:52]} 11. Be3 {[%emt 0:01:10]} Re8 {[%emt 0:01:33]} 12. Qd2 {[%emt 0:03:27]} Nf8 {[%emt 0:02:59]} 13. Rad1 {[%emt 0:01:59]} Bd7 {[%emt 0:12:35]} 14. Qe2 $14 {[%emt 0:16:57]} (14. Bxh6 $16 gxh6 15. dxe5 (15. Qxh6 N6h7 $14) 15... dxe5 16. Qxh6) 14... Qb8 {[%emt 0:20:07]} 15. d5 {[%emt 0:10:14]} c5 {[%emt 0:03:24]} 16. Bc4 {[%emt 0:04:10]} g5 {[%emt 0:04:11]} 17. Nh2 {[%emt 0:03:20]} Ng6 {[%emt 0:01:57]} 18. Bc1 {[%emt 0:04:58]} Kh7 {[%emt 0:05:49]} 19. Bb5 {[%emt 0:01:26]} Qc8 {[%emt 0:01:38]} 20. Bxd7 {[%emt 0:00:33]} Qxd7 {[%emt 0:00:02]} 21. Ng4 {[%emt 0:00:41]} Nxg4 {[%emt 0:03:11]} 22. Qxg4 {[%emt 0:00:26]} Rad8 {[%emt 0:05:36]} 23. g3 {[%emt 0:02:38]} Kg7 {[%emt 0:04:40]} 24. Kg2 {[%emt 0:04:00]} Rh8 {[%emt 0:01:45]} 25. Qxd7 {[%emt 0:03:13]} Rxd7 {[%emt 0:00:02]} 26. Nb5 {[%emt 0:00:33]} Rdd8 {[%emt 0:01:19]} 27. Bd2 {[%emt 0:00:40]} b6 {[%emt 0:00:48]} 28. Re3 {[%emt 0:00:40]} Nf8 {[%emt 0:05:58]} 29. Rb3 {[%emt 0:02:07]} Nd7 {[%emt 0:00:07]} 30. Na3 {[%emt 0:03:25]} Rb8 {[%emt 0:00:29]} 31. Nc4 {[%emt 0:00:30]} Rhc8 {[%emt 0:05:05]} 32. Bc3 {[%emt 0:03:24]} f6 {[%emt 0:02:19]} 33. Rb5 {[%emt 0:01:53]} Kf7 {[%emt 0:00:47]} 34. Rf1 {[%emt 0:00:46]} Rg8 {[%emt 0:04:36]} 35. Ne3 {[%emt 0:01:12]} Rg6 {[%emt 0:06:08]} 36. Bd2 {[%emt 0:01:33]} Bd8 37. Nf5 {[%emt 0:01:33]} Bc7 {[%emt 0:00:41]} 38. h4 {[%emt 0:00:31]} h5 {[%emt 0:02:13]} 39. Rh1 {[%emt 0:01:52]} g4 {[%emt 0:00:37]} 40. Ra1 {[%emt 0:00:00]} Ra8 {[%emt 0:00:00]} 41. Ra3 {[%emt 0:04:26]} Rb8 {[%emt 0:08:10]} 42. Rab3 {[%emt 0:00:57]} Kf8 {[%emt 0:02:50]} 43. Kf1 {[%emt 0:01:19]} Rg8 {[%emt 0:00:21]} 44. Ke2 {[%emt 0:01:11]} Rh8 {[%emt 0:01:29]} 45. Ke1 {[%emt 0:02:22]} Kf7 {[%emt 0:01:01]} 46. Nh6+ {[%emt 0:00:30]} Kg6 {[%emt 0:00:47]} 47. Nf5 {[%emt 0:00:13]} Kf7 {[%emt 0:00:04]} 48. Ne3 {[%emt 0:02:01]} Rhc8 {[%emt 0:06:08]} 49. Nc4 {[%emt 0:00:44]} Ke7 {[%emt 0:00:37]} 50. f3 {[%emt 0:00:38]} Rg8 {[%emt 0:01:07]} 51. fxg4 {[%emt 0:00:25]} Rxg4 {[%emt 0:00:09]} 52. Re3 {[%emt 0:02:05]} f5 {[%emt 0:00:43]} 53. Re2 {[%emt 0:01:09]} f4 {[%emt 0:07:14]} 54. gxf4 {[%emt 0:00:49]} exf4 {[%emt 0:00:06]} 55. Rf2 {[%emt 0:01:03]} Ne5 {[%emt 0:01:06]} 56. Nxe5 {[%emt 0:01:47]} dxe5 {[%emt 0:00:02]} 57. c3 {[%emt 0:00:34]} c4 {[%emt 0:01:57]} 58. b4 {[%emt 0:00:59]} cxb3 {[%emt 0:00:18]} 59. Rxb3 {[%emt 0:00:06]} Bd6 {[%emt 0:00:05]} 60. c4 {[%emt 0:01:11]} Bc5 {[%emt 0:00:06]} 61. Bxa5 {[%emt 0:00:37]} Bxf2+ {[%emt 0:04:48]} 62. Kxf2 {[%emt 0:00:09]} Rc8 {[%emt 0:02:40]} 63. Rxb6 {[%emt 0:01:59]} Rxc4 {[%emt 0:00:09]} 64. Re6+ {[%emt 0:00:28]} Kd7 {[%emt 0:00:39]} 65. Rxe5 {[%emt 0:02:58]} Rxa4 {[%emt 0:00:31]} 66. Bb6 {[%emt 0:00:56]} Rxh4 {[%emt 0:00:53]} 67. Bc5 {[%emt 0:00:49]} Rc4 {[%emt 0:02:21]} 68. d6 {[%emt 0:00:41]} Rc2+ {[%emt 0:00:32]} 69. Kg1 {[%emt 0:00:44]} Rc1+ {[%emt 0:02:01]} 70. Kg2 {[%emt 0:00:24]} Rc2+ {[%emt 0:01:24]} 71. Kf3 {[%emt 0:00:58]} Rc3+ {[%emt 0:01:04]} 72. Kg2 {[%emt 0:01:26]} f3+ {[%emt 0:00:34]} 73. Kg1 {[%emt 0:00:52]} f2+ {[%emt 0:00:45]} 74. Kxf2 {[%emt 0:02:02]} Rh2+ {[%emt 0:00:09]} 75. Kg1 {[%emt 0:00:01]} Rb2 {[%emt 0:00:15]} 76. Re7+ {[%emt 0:01:40]} Kd8 {[%emt 0:00:09]} 77. Bf2 {[%emt 0:00:19]} Rc1+ {[%emt 0:00:38]} 78. Kg2 {[%emt 0:00:08]} Rcc2 {[%emt 0:00:10]} 79. Rf7 {[%emt 0:00:20]} Re2 {[%emt 0:00:25]} 80. d7 {[%emt 0:01:18]} Rxf2+ {[%emt 0:01:46]} 1/2-1/2

[Event "WYCC 2018 O14"]
[Site "Halkidiki"]
[Date "2018.10.23"]
[Round "5"]
[White "Antonica, Dragos-Andrei"]
[Black "Trifan, Andrei Ioan"]
[Result "1/2-1/2"]
[WhiteElo "2061"]
[BlackElo "2290"]
[Annotator "NA"]
[PlyCount "77"]
[EventDate "2018.10.20"]
[EventType "swiss"]
[EventCountry "GRE"]
[SourceTitle "playchess.com"]
[Source "ChessBase"]
[SourceQuality "1"]
[TimeControl "40/5400+30:1800+30"]

1. d4 {[%emt 0:00:00]} Nf6 {[%emt 0:00:00]} 2. c4 {[%emt 0:00:00]} g6 {[%emt 0:00:17]} 3. Nc3 {[%emt 0:00:00]} Bg7 {[%emt 0:00:30]} 4. e4 {[%emt 0:00:04]} d6 {[%emt 0:00:33]} 5. h3 {[%emt 0:00:39]} O-O {[%emt 0:03:27]} 6. Be3 {[%emt 0:00:16]} e5 {[%emt 0:11:48]} 7. d5 {[%emt 0:03:17]} a5 {[%emt 0:03:33]} 8. Nge2 {[%emt 0:05:24] E71: King's Indian: 4 e4 d6 5 h3} Na6 {[%emt 0:02:46]} 9. g4 {[%emt 0:03:45]} c6 {[%emt 0:05:21]} 10. Ng3 {[%emt 0:05:06]} cxd5 {[%emt 0:09:16]} (10... Nc5 11. g5 Nfd7 12. h4 cxd5 13. Nxd5 Nb6 14. Nc3 Be6 15. b3 a4 {1-0 (36) Ding,L (2777)-Amonatov,F (2636) Riadh 2017}) 11. cxd5 {[%emt 0:00:14]} Nc5 {[%emt 0:01:51]} 12. Be2 {[%emt 0:01:43]} Bd7 {[%emt 0:07:05]} 13. Kf1 $146 {[%emt 0:17:34]} ({Predecessor:} 13. h4 a4 14. f3 Qa5 15. Qd2 Rfc8 {½-½ (41) Dobrovoljc,V (2316)-Secheres,A (2408) Manavgat 2018}) 13... a4 {[%emt 0:05:38]} 14. Kg2 {[%emt 0:20:51]} Qa5 {[%emt 0:06:13]} 15. a3 {[%emt 0:07:55]} b5 {[%emt 0:07:31]} 16. g5 {[%emt 0:09:18]} Ne8 {[%emt 0:00:53]} 17. h4 {[%emt 0:00:40]} b4 {[%emt 0:08:32]} 18. Na2 {[%emt 0:00:44]} bxa3 {[%emt 0:02:05]} 19. bxa3 {[%emt 0:00:12]} f5 {[%emt 0:03:31]} 20. gxf6 {[%emt 0:03:35]} Nxf6 {[%emt 0:00:21]} 21. f3 {[%emt 0:09:25]} Nb3 {[%emt 0:04:40]} 22. Rb1 {[%emt 0:00:17]} Be8 {[%emt 0:01:36]} 23. h5 {[%emt 0:06:02]} Nxh5 {[%emt 0:01:40]} 24. Nxh5 {[%emt 0:01:08]} gxh5 {[%emt 0:00:02]} 25. Nc1 $17 {[%emt 0:00:22]} Rc8 {[%emt 0:05:03]} 26. Nxb3 {[%emt 0:02:02]} axb3 {[%emt 0:00:04]} 27. Qxb3 {[%emt 0:00:19]} Rc3 {[%emt 0:01:40]} 28. Bd2 {[%emt 0:00:15]} Rxb3 {[%emt 0:00:12]} 29. Bxa5 {[%emt 0:00:01]} Rxa3 {[%emt 0:00:29]} 30. Ra1 {[%emt 0:01:36]} Rxa1 {[%emt 0:04:15]} 31. Rxa1 {[%emt 0:00:00]} Rf6 {[%emt 0:00:47]} 32. Bd8 Rg6+ {[%emt 0:01:15]} 33. Kf2 {[%emt 0:01:50]} Bf6 {[%emt 0:01:58]} 34. Bxf6 {[%emt 0:00:31]} Rxf6 {[%emt 0:00:02]} 35. Ra8 {[%emt 0:00:21]} Rf8 {[%emt 0:00:28]} 36. Rd8 {[%emt 0:00:56]} Bg6 {[%emt 0:00:36]} 37. Rxd6 {[%emt 0:00:39]} Bxe4 {[%emt 0:00:02]} 38. Re6 {[%emt 0:00:55]} Bxd5 {[%emt 0:00:40]} 39. Rxe5 {[%emt 0:00:03]} 1/2-1/2

[Event "WYCC 2018 O14"]
[Site "Halkidiki"]
[Date "2018.10.23"]
[Round "5"]
[White "Egorov, Mikhail"]
[Black "Ozenir, Ekin Baris"]
[Result "1/2-1/2"]
[WhiteElo "2006"]
[BlackElo "2293"]
[Annotator "NA"]
[PlyCount "128"]
[EventDate "2018.10.20"]
[EventType "swiss"]
[EventCountry "GRE"]
[SourceTitle "playchess.com"]
[Source "ChessBase"]
[SourceQuality "1"]
[TimeControl "40/5400+30:1800+30"]

1. Nf3 {[%emt 0:00:00]} Nf6 {[%emt 0:00:00]} 2. c4 {[%emt 0:00:00]} b6 {[%emt 0:00:07]} 3. g3 {[%emt 0:00:00]} Bb7 {[%emt 0:00:30]} 4. Bg2 {[%emt 0:00:02]} g6 {[%emt 0:00:35]} 5. Nc3 {[%emt 0:00:06] A15: English Opening: 1...Nf6} (5. d4 Bg7 6. O-O O-O 7. Qc2 a5 8. Nc3 Na6 9. a3 e6 10. e4 d6 11. Re1 Qe7 12. Rb1 Nb8 13. b4 axb4 14. axb4 Nbd7 15. Bd2 {1-0 (61) Oparin,G (2624)-Dubov,D (2703) Sochi 2018}) 5... e6 {[%emt 0:01:52]} 6. O-O {[%emt 0:00:21]} Bg7 {[%emt 0:00:16]} 7. Re1 {[%emt 0:02:23]} d5 {[%emt 0:01:14]} 8. cxd5 {[%emt 0:00:21]} exd5 {[%emt 0:00:57]} 9. d4 {[%emt 0:00:26]} O-O {[%emt 0:00:20]} 10. b3 {[%emt 0:03:16]} Ne4 {[%emt 0:05:07]} 11. Bb2 {[%emt 0:01:15]} Nd7 $146 {[%emt 0:03:05]} ({Predecessor:} 11... Nxc3 12. Bxc3 Nd7 13. Rc1 Rc8 14. b4 Qe7 {½-½ (29) Cosma,E (2324)-Daulyte,D (2427) Calimanesti Caciulata 2016}) 12. Rc1 {[%emt 0:03:44]} f5 {[%emt 0:06:09]} 13. e3 {[%emt 0:08:30]} c6 {[%emt 0:07:01]} 14. Ne2 {[%emt 0:07:58]} g5 {[%emt 0:13:38]} 15. Rc2 {[%emt 0:02:28]} Qe7 {[%emt 0:04:13]} 16. Nc1 {[%emt 0:02:26]} g4 {[%emt 0:06:50]} 17. Nh4 {[%emt 0:05:47]} Bh6 {[%emt 0:10:12]} 18. h3 {[%emt 0:09:33]} Bg5 {[%emt 0:05:56]} 19. Bxe4 {[%emt 0:02:17]} Qxe4 {[%emt 0:02:18]} 20. Ng2 {[%emt 0:01:35]} Rae8 {[%emt 0:06:31]} 21. h4 {[%emt 0:00:57]} Bh6 {[%emt 0:00:38]} 22. Nd3 {[%emt 0:03:49]} c5 {[%emt 0:11:22]} 23. Ndf4 {[%emt 0:04:33]} c4 {[%emt 0:02:47]} 24. b4 {[%emt 0:02:09]} b5 {[%emt 0:04:20]} 25. Bc3 {[%emt 0:01:18]} Nb6 {[%emt 0:00:42]} 26. Qd2 {[%emt 0:01:24]} Na4 {[%emt 0:00:35]} 27. a3 {[%emt 0:01:21]} Bc6 {[%emt 0:00:57]} 28. Ra2 {[%emt 0:04:00]} Rf7 {[%emt 0:00:45]} 29. Rc1 {[%emt 0:02:56]} Bf8 {[%emt 0:00:37]} 30. Qe1 {[%emt 0:03:06]} Bd6 {[%emt 0:00:32]} 31. Bd2 {[%emt 0:02:15]} Rb8 {[%emt 0:02:23]} 32. Qd1 {[%emt 0:03:36]} Rff8 {[%emt 0:01:17]} 33. Ne2 {[%emt 0:03:15]} Rb6 $17 {[%emt 0:01:05]} 34. Nc3 {[%emt 0:04:09]} Nxc3 {[%emt 0:00:07]} 35. Bxc3 {[%emt 0:00:05]} Ra6 {[%emt 0:00:17]} 36. Qd2 {[%emt 0:00:38]} Be8 {[%emt 0:01:08]} 37. Nf4 {[%emt 0:04:29]} Bf7 {[%emt 0:00:50]} 38. Qc2 {[%emt 0:02:21]} Qxc2 {[%emt 0:00:45]} 39. Rcxc2 {[%emt 0:00:15]} Ra4 {[%emt 0:00:18]} 40. Rcb2 {[%emt 0:00:00]} Rb8 {[%emt 0:00:00]} 41. Kf1 {[%emt 0:03:03]} Kf8 {[%emt 0:14:28]} 42. Ke2 {[%emt 0:00:18]} Ke8 {[%emt 0:00:24]} 43. Kd2 {[%emt 0:00:19]} Kd7 {[%emt 0:00:47]} 44. Kc1 {[%emt 0:00:09]} Kc6 {[%emt 0:00:46]} 45. Kb1 {[%emt 0:00:24]} a5 {[%emt 0:03:22]} 46. Ka1 {[%emt 0:02:29]} Ra8 {[%emt 0:02:33]} 47. Kb1 {[%emt 0:00:31]} Ra7 {[%emt 0:01:30]} 48. Bd2 {[%emt 0:13:15]} Re7 {[%emt 0:02:43]} 49. Bc3 {[%emt 0:00:23]} Re4 {[%emt 0:01:55]} 50. Kc1 {[%emt 0:01:03]} Re8 {[%emt 0:00:53]} 51. Kb1 {[%emt 0:00:31]} Ra8 {[%emt 0:00:10]} 52. Bd2 {[%emt 0:00:54]} Ra6 {[%emt 0:00:43]} 53. Bc3 {[%emt 0:00:28]} axb4 {[%emt 0:01:42]} 54. axb4 {[%emt 0:00:08]} Ra3 55. Rxa3 {[%emt 0:00:35]} Rxa3 {[%emt 0:00:19]} 56. Kc2 {[%emt 0:00:16]} Kb6 {[%emt 0:01:49]} 57. Rb1 {[%emt 0:00:25]} Ra2+ {[%emt 0:00:46]} 58. Rb2 {[%emt 0:00:11]} Ra4 {[%emt 0:00:11]} 59. Rb1 {[%emt 0:00:15]} Ra7 {[%emt 0:00:12]} 60. Rb2 {[%emt 0:00:13]} Ra1 {[%emt 0:00:45]} 61. Rb1 {[%emt 0:00:09]} Ra8 {[%emt 0:00:05]} 62. Rb2 {[%emt 0:00:09]} Re8 {[%emt 0:00:24]} 63. Kd2 {[%emt 0:00:14]} Ra8 {[%emt 0:00:20]} 64. Kc2 {[%emt 0:00:06]} Ra4 {[%emt 0:01:07]} 1/2-1/2

[Event "WYCC 2018 O14"]
[Site "Halkidiki"]
[Date "2018.10.23"]
[Round "5"]
[White "Nguyen, Huynh Minh Thien"]
[Black "Krastev, Alexander"]
[Result "0-1"]
[WhiteElo "1996"]
[BlackElo "2298"]
[Annotator "NA"]
[PlyCount "92"]
[EventDate "2018.10.20"]
[EventType "swiss"]
[EventCountry "GRE"]
[SourceTitle "playchess.com"]
[Source "ChessBase"]
[SourceQuality "1"]
[TimeControl "40/5400+30:1800+30"]

1. Nf3 {[%emt 0:00:00]} c5 {[%emt 0:00:00]} 2. g3 {[%emt 0:00:11]} g6 {[%emt 0:00:00]} 3. Bg2 {[%emt 0:01:39]} Bg7 {[%emt 0:00:03]} 4. d4 {[%emt 0:00:31]} cxd4 {[%emt 0:00:22]} 5. Nxd4 {[%emt 0:00:05]} Nc6 {[%emt 0:00:11]} 6. Nxc6 {[%emt 0:00:40]} bxc6 {[%emt 0:00:38]} 7. O-O {[%emt 0:00:22]} Nf6 {[%emt 0:01:06]} 8. Nc3 {[%emt 0:04:21]} O-O {[%emt 0:03:50]} 9. e4 {[%emt 0:00:19]} Qc7 {[%emt 0:09:43]} 10. Re1 {[%emt 0:03:12]} d6 {[%emt 0:05:37]} 11. h3 {[%emt 0:00:27]} Rb8 {[%emt 0:01:18]} 12. Rb1 {[%emt 0:00:35]} Nd7 {[%emt 0:01:31] B70: Sicilian Dragon: 6 g3 and 6 Be2 (without a later Be3)} 13. Ne2 $146 {[%emt 0:02:16]} ({Predecessor:} 13. Be3 Ne5 14. Qe2 Be6 15. b3 Nc4 16. Nd1 Qa5 17. c3 Nxe3 18. Qxe3 Qxa2 19. Nb2 Rxb3 20. Qc1 Rfb8 {0-1 (20) Bello Bello,P-Granero Roca,A (2388) Cala Galdana 1999}) 13... Nc5 {[%emt 0:03:13]} 14. b3 {[%emt 0:03:38]} Ba6 {[%emt 0:04:27]} 15. Be3 {[%emt 0:06:39]} Ne6 {[%emt 0:02:29]} 16. Nd4 {[%emt 0:01:56]} Nc5 {[%emt 0:06:29]} 17. Ne2 {[%emt 0:02:48]} Rfd8 {[%emt 0:04:56]} 18. Bd4 {[%emt 0:04:01]} e5 {[%emt 0:04:54]} 19. Be3 {[%emt 0:01:28]} Bc8 {[%emt 0:03:16]} 20. Qc1 {[%emt 0:09:02]} Ne6 {[%emt 0:02:54]} 21. Rd1 {[%emt 0:01:55]} a5 {[%emt 0:01:40]} 22. c3 {[%emt 0:04:25]} Ba6 {[%emt 0:01:51]} 23. Qc2 {[%emt 0:00:50]} Bb7 {[%emt 0:03:24]} 24. Rd2 {[%emt 0:01:13]} Rd7 {[%emt 0:02:34]} 25. Rbd1 {[%emt 0:00:41]} Rbd8 {[%emt 0:00:49]} 26. c4 {[%emt 0:13:55]} c5 {[%emt 0:02:10]} 27. Nc3 {[%emt 0:00:21]} Nd4 {[%emt 0:00:39]} 28. Bxd4 {[%emt 0:00:04]} exd4 $15 {[%emt 0:00:41]} 29. Nd5 {[%emt 0:00:27]} Bxd5 {[%emt 0:00:16]} 30. cxd5 {[%emt 0:03:02]} a4 {[%emt 0:03:31]} 31. b4 {[%emt 0:07:44]} c4 {[%emt 0:01:09]} 32. Qxa4 {[%emt 0:00:15]} d3 {[%emt 0:01:05]} 33. Rc1 {[%emt 0:00:42]} Bh6 {[%emt 0:02:25]} 34. f4 {[%emt 0:00:06]} Qb6+ {[%emt 0:00:14]} 35. Kh2 {[%emt 0:00:52]} Rc7 {[%emt 0:01:15]} 36. Rdd1 {[%emt 0:08:17]} g5 {[%emt 0:02:25]} 37. b5 {[%emt 0:01:53]} Rdc8 {[%emt 0:00:39]} 38. fxg5 {[%emt 0:01:07]} Bxg5 {[%emt 0:00:15]} 39. Rc3 {[%emt 0:00:27]} Bf6 {[%emt 0:00:39]} 40. Rcc1 {[%emt 0:00:00]} Bb2 {[%emt 0:00:00]} 41. Rb1 {[%emt 0:03:12]} Be5 {[%emt 0:08:58]} 42. Kh1 {[%emt 0:09:24]} Ra7 {[%emt 0:01:29]} 43. Qb4 {[%emt 0:00:35]} Rxa2 {[%emt 0:00:15]} 44. Rf1 {[%emt 0:00:28]} Qe3 {[%emt 0:04:59]} 45. Rf3 {[%emt 0:00:53]} Qe2 {[%emt 0:00:29]} 46. Rg1 {[%emt 0:00:06]} Bd4 {[%emt 0:01:17]} 0-1

[Event "WYCC 2018 O14"]
[Site "Halkidiki"]
[Date "2018.10.23"]
[Round "5"]
[White "Chatzieleftheriou, Andreas"]
[Black "Van Dael, Siem"]
[Result "1-0"]
[WhiteElo "1984"]
[BlackElo "2202"]
[Annotator "NA"]
[PlyCount "73"]
[EventDate "2018.10.20"]
[EventType "swiss"]
[EventCountry "GRE"]
[SourceTitle "playchess.com"]
[Source "ChessBase"]
[SourceQuality "1"]
[TimeControl "40/5400+30:1800+30"]

1. e4 {[%emt 0:00:00]} c5 {[%emt 0:00:00]} 2. Nf3 {[%emt 0:00:00]} d6 {[%emt 0:00:00]} 3. d4 {[%emt 0:00:00]} cxd4 {[%emt 0:00:00]} 4. Nxd4 {[%emt 0:00:00]} Nf6 {[%emt 0:00:00]} 5. Nc3 {[%emt 0:00:00]} g6 {[%emt 0:00:04]} 6. Be3 {[%emt 0:00:01]} Bg7 {[%emt 0:00:05]} 7. f3 {[%emt 0:00:16]} O-O {[%emt 0:00:06]} 8. Qd2 {[%emt 0:00:18]} Nc6 {[%emt 0:00:04]} 9. g4 {[%emt 0:00:05]} Nxd4 {[%emt 0:00:08]} 10. Bxd4 {[%emt 0:00:04]} Be6 {[%emt 0:00:06]} 11. Nd5 {[%emt 0:01:15]} Bxd5 {[%emt 0:18:48]} 12. exd5 {[%emt 0:02:56]} Qd7 {[%emt 0:02:25]} 13. O-O-O {[%emt 0:20:09]} Rfc8 {[%emt 0:00:43]} 14. Kb1 {[%emt 0:00:26]} Qa4 {[%emt 0:00:51]} 15. b3 $14 {[%emt 0:11:03]} Qa3 {[%emt 0:01:05]} 16. h4 {[%emt 0:05:17]} a5 {[%emt 0:35:15]} 17. c4 {[%emt 0:07:28]} a4 {[%emt 0:03:23]} 18. Bb2 {[%emt 0:05:05]} Qc5 {[%emt 0:00:06]} 19. b4 {[%emt 0:00:23]} Qc7 {[%emt 0:00:24]} 20. a3 {[%emt 0:01:28]} b5 {[%emt 0:07:02]} 21. Rc1 {[%emt 0:11:03]} bxc4 {[%emt 0:10:53]} 22. Bxc4 {[%emt 0:07:20]} Qd7 {[%emt 0:00:17]} 23. h5 {[%emt 0:01:41]} Rc7 {[%emt 0:02:00]} 24. hxg6 {[%emt 0:07:22]} hxg6 {[%emt 0:00:16]} 25. Bd3 {[%emt 0:02:13]} Rac8 {[%emt 0:01:57]} 26. Rxc7 {[%emt 0:00:13]} Rxc7 {[%emt 0:00:09]} 27. b5 {[%emt 0:02:45]} Rc5 {[%emt 0:01:20]} 28. Be2 {[%emt 0:07:50]} Rxd5 {[%emt 0:01:22]} 29. Qb4 {[%emt 0:00:47]} Rc5 {[%emt 0:01:08]} 30. b6 {[%emt 0:00:19]} Qb7 {[%emt 0:00:42]} 31. Qxa4 {[%emt 0:03:26]} Qxb6 {[%emt 0:00:19]} 32. Qa8+ {[%emt 0:00:18]} Bf8 {[%emt 0:00:16]} 33. Rh8+ {[%emt 0:00:24]} Kxh8 {[%emt 0:00:15]} 34. Qxf8+ {[%emt 0:00:01]} Kh7 {[%emt 0:00:07]} 35. Qxf7+ {[%emt 0:00:45]} Kh6 {[%emt 0:00:13]} 36. Qxe7 {[%emt 0:00:57]} Re5 {[%emt 0:02:43]} 37. Qxf6 {[%emt 0:00:27]} 1-0

[Event "WYCC 2018 O14"]
[Site "Halkidiki"]
[Date "2018.10.23"]
[Round "5"]
[White "Unneland, Mathias"]
[Black "Marn, Jan"]
[Result "1/2-1/2"]
[WhiteElo "1884"]
[BlackElo "2125"]
[Annotator "NA"]
[PlyCount "74"]
[EventDate "2018.10.20"]
[EventType "swiss"]
[EventCountry "GRE"]
[SourceTitle "playchess.com"]
[Source "ChessBase"]
[SourceQuality "1"]
[TimeControl "40/5400+30:1800+30"]

1. d4 {[%emt 0:00:00]} Nf6 {[%emt 0:00:00]} 2. c4 {[%emt 0:00:00]} e6 {[%emt 0:00:00]} 3. Nc3 {[%emt 0:00:00]} d5 {[%emt 0:00:15]} 4. cxd5 {[%emt 0:00:00]} exd5 {[%emt 0:00:23]} 5. Bg5 {[%emt 0:00:22]} Be7 {[%emt 0:02:07]} 6. e3 {[%emt 0:00:58]} c6 {[%emt 0:00:13]} 7. Bd3 {[%emt 0:00:53]} Ne4 {[%emt 0:02:01]} 8. Bxe7 {[%emt 0:02:15]} Qxe7 {[%emt 0:00:03]} 9. Nge2 {[%emt 0:02:43]} f5 {[%emt 0:02:01]} 10. O-O {[%emt 0:03:07]} O-O {[%emt 0:00:23]} 11. Re1 {[%emt 0:01:05]} Nd7 {[%emt 0:01:33]} 12. f3 {[%emt 0:02:38]} Nd6 {[%emt 0:02:34]} 13. Ng3 {[%emt 0:00:46]} Nf6 {[%emt 0:13:07]} 14. e4 {[%emt 0:04:51]} dxe4 {[%emt 0:02:20]} 15. fxe4 $11 {[%emt 0:01:51]} f4 {[%emt 0:00:15]} 16. Nh5 {[%emt 0:05:56]} Ng4 {[%emt 0:03:39]} 17. h3 {[%emt 0:03:58]} Qg5 {[%emt 0:14:56]} 18. hxg4 {[%emt 0:05:58]} Bxg4 {[%emt 0:00:09]} 19. Qb3+ {[%emt 0:05:32]} Kh8 {[%emt 0:00:40]} 20. Nxf4 {[%emt 0:02:04]} Qxf4 {[%emt 0:06:29]} 21. Be2 {[%emt 0:04:16]} Qf2+ {[%emt 0:15:06]} 22. Kh1 {[%emt 0:01:22]} Bxe2 {[%emt 0:02:59]} 23. Rxe2 {[%emt 0:01:00]} Qxd4 {[%emt 0:00:27]} 24. Rd1 {[%emt 0:02:56]} Qe5 {[%emt 0:00:51]} 25. Qb4 {[%emt 0:05:26]} Rf6 {[%emt 0:01:46]} 26. Qd4 {[%emt 0:05:27]} Qh5+ {[%emt 0:05:00]} 27. Kg1 {[%emt 0:00:15]} Raf8 {[%emt 0:00:17]} 28. Re3 {[%emt 0:01:27]} Nb5 {[%emt 0:05:40]} 29. Nxb5 {[%emt 0:02:12]} Qxb5 {[%emt 0:00:06]} 30. e5 {[%emt 0:02:51]} c5 {[%emt 0:02:21]} 31. Qg4 {[%emt 0:01:12]} Rf1+ {[%emt 0:02:12]} 32. Rxf1 {[%emt 0:01:24]} Qxf1+ {[%emt 0:06:08]} 33. Kh2 {[%emt 0:00:07]} Qc1 {[%emt 0:02:14]} 34. Rf3 {[%emt 0:01:40]} Qh6+ {[%emt 0:01:00]} 35. Kg1 {[%emt 0:01:19]} Qc1+ {[%emt 0:00:19]} 36. Kh2 {[%emt 0:00:23]} Qh6+ {[%emt 0:00:09]} 37. Kg1 {[%emt 0:00:31]} Qc1+ {[%emt 0:01:55]} 1/2-1/2